Vplyv pandémie COVID-19 na vývoj nákladov v medzinárodnom obchode
Vplyv pandémie spôsobenej vírusom COVID-19 na vývoj v nákladoch na prepravu tovaru prostredníctvom kontajnerových lodí. Pozornosť venovaná hlavne faktorom, ktoré ovplyvňujú ponuku a dopyt po prepravných službách v oblasti kontajnerovej prepravy.
Saved in:
| Main Author: | |
|---|---|
| Other Authors: | |
| Format: | Book Chapter |
| Language: | Slovak |
| Subjects: | |
| Tags: |
No Tags, Be the first to tag this record!
|
MARC
| LEADER | 00000naa$a2200000$$$4500 | ||
|---|---|---|---|
| 001 | 0280951 | ||
| 005 | 20240502074349.5 | ||
| 041 | 0 | |a slo | |
| 044 | |a SK | ||
| 245 | 1 | 0 | |a Vplyv pandémie COVID-19 na vývoj nákladov v medzinárodnom obchode |c Jozef Zuzik, Roland Weiss |
| 520 | |a Vplyv pandémie spôsobenej vírusom COVID-19 na vývoj v nákladoch na prepravu tovaru prostredníctvom kontajnerových lodí. Pozornosť venovaná hlavne faktorom, ktoré ovplyvňujú ponuku a dopyt po prepravných službách v oblasti kontajnerovej prepravy. | ||
| 610 | 2 | 0 | |a doprava nákladná |
| 610 | 2 | 0 | |a koronavírus |
| 610 | 2 | 0 | |a obchod medzinárodný |
| 610 | 2 | 0 | |a náklady dopravné |
| 610 | 2 | 0 | |a doprava kontajnerová |
| 610 | 2 | 0 | |a doprava lodná |
| 100 | 1 | |a Zuzik, Jozef, 1985- | |
| 700 | 1 | |a Weiss, Roland, 1984- | |